00731nam a22001937a 450000500170000000800410001701700410005802000180009904000230011708200250014010000280016524501030019326000880029630000250038460000170040965000350042665000660046165100100052720240530110636.0170925s2015 ua f b 000 0 ara d a2013/4117bمصر. دار الكتب a9789779101880 aEG-CaGPLcEG-CaGPL04221a811.009 /bع ت0 aعبدالله حلمى10aتاويل النص الشعرى : bشعر المتنبى نموذجا /cعبدالله حلمى aالقاهرة : c2015bالهيئة المصرية العامة للكتاب ، a417 ص. ؛c24 سم.04aالمتنى072qrmakaالشعر العربى072qrmakaالشعر العربى xدواوين و قصائد 2qrmak